ARRUPE JESUIT UNIVERSITY

CORONAVIRUS -STOP THE SPREAD - CLEAN,DISINFECT,COVER

The democratic and the authoritarian state (Record no. 49812)

MARC details
000 -LEADER
fixed length control field 00493nam a2200205Ia 4500
003 - CONTROL NUMBER IDENTIFIER
control field 0100
008 - FIXED-LENGTH DATA ELEMENTS--GENERAL INFORMATION
fixed length control field 130303s9999 xx 000 0 und d
040 ## - CATALOGING SOURCE
Transcribing agency ARRUPELIB
050 ## - LIBRARY OF CONGRESS CALL NUMBER
Classification number JA38.N4
300 ## - PHYSICAL DESCRIPTION
Other physical details 303p. 22cm.
100 ## - MAIN ENTRY--PERSONAL NAME
Personal name Neumann, Franz L
245 #4 - TITLE STATEMENT
Title The democratic and the authoritarian state
245 ## - TITLE STATEMENT
Remainder of title essays in political and legal theory
260 ## - PUBLICATION, DISTRIBUTION, ETC. (IMPRINT)
Place of publication, distribution, etc Glencoe
260 ## - PUBLICATION, DISTRIBUTION, ETC. (IMPRINT)
Name of publisher, distributor, etc Free Press
260 ## - PUBLICATION, DISTRIBUTION, ETC. (IMPRINT)
-- 1957
300 ## - PHYSICAL DESCRIPTION
Extent x
700 ## - ADDED ENTRY--PERSONAL NAME
Personal name Franz L. Neumann
942 00 - ADDED ENTRY ELEMENTS (KOHA)
Koha issues (borrowed), all copies 1
Holdings
Withdrawn status Lost status Source of classification or shelving scheme Damaged status Not for loan Collection code Home library Current library Shelving location Date acquired Total Checkouts Full call number Barcode Date last seen Date checked out Copy number Price effective from Koha item type
    Library of Congress Classification     Main Collection ARRUPE LIBRARY ARRUPE LIBRARY   04/03/2013 1 JA38.N4 46003048386 21/06/2018 14/08/2013 1 04/03/2013 Monograph ( Printed materials)

 

Arrupe Library. PO Box MP320 Mt Pleasant, Harare, Zimbabwe
263 242 745411|librarian@aju.ac.zw